LEADER 01107nam a2200265 4500 001 000000356223 003 CaOOAMICUS 005 20231128123945.0 008 231128s2021 it a 000 u ita r 020 $a978-88-459-3496-4 040 $aSeMil$bita 100 1 $aVallortigara, Giorgio,$d<1959- >.$0(OLS)http://semarc/name/109580 245 10$aPensieri della mosca con la testa storta /$cGiorgio Vallortigara. 264 1$aMilano :$bAdelphi,$c2021. 300 $a221 p. :$bill. ;$c21 cm 490 1 $aAnimalia ;$v6 650 4$aIntelligenza - Psicologia comparata.$0(OLS)http://semarc/subject/54788 650 4$aInsetti - Psicologia.$0(OLS)http://semarc/subject/54789 830 0$aAnimalia ;$v6.$0(OLS)http://semarc/title/446482 850 $aSeMil 852 $aSeMil$W1$xVenegono$y1$m3X I 266$j244790$B247405$CSeMilBibl$Z2$F247405 $81 996 $6020$a978-88-459-3496-4$9(OLS)http://semarc/number/299362 996 $6245$aPensieri della mosca con la testa storta$9(OLS)http://semarc/title/446481 996 $6264$aMilano :$bAdelphi$9(OLS)http://semarc/publisher/30018 LEADER 01314nam a2200301 4500 001 000000366782 003 CaOOAMICUS 005 20260323082401.0 008 260309s2011 it 000 u ita r 020 $a978-88-420-4502-1 040 $aSeMil$bita 100 1 $aLocke, John,$d<1632-1704>.$0(OLS)http://semarc/name/5548 240 10$aEpistola de tolerantia.$0(OLS)http://semarc/title/458771 245 10$aLettera sulla tolleranza /$cJohn Locke ; a cura di Carlo Augusto Viano ; in appendice il «Saggio sulla tolleranza». 250 $a11. ed. 264 1$aRoma ; Bari :$bLaterza,$c2011. 300 $aXXX, 125 p. ;$c21 cm 490 1 $aEconomica Laterza ;$v31 650 4$aTolleranza religiosa.$0(OLS)http://semarc/subject/10637 700 1 $aViano, Carlo Augusto,$d<1929-2019>.$0(OLS)http://semarc/name/1396 830 0$aEconomica Laterza ;$v31.$0(OLS)http://semarc/title/434050 850 $aSeMil 852 $aSeMil$W1$xVenegono$y1$m2P VII 591$j268775$B257561$CSeMilBibl$Z2$F257561 $81 961 $aBuzzi mons. Franco - Omaggio 996 $6020$a978-88-420-4502-1$9(OLS)http://semarc/number/305486 996 $6245$aLettera sulla tolleranza$9(OLS)http://semarc/title/458570 996 $6264$aRoma ; Bari :$bLaterza$9(OLS)http://semarc/publisher/30305